Geography Quiz

Random Geography or World Quiz

World by Any 2 Letters Blitz (no A, E, I, or U) Quiz Stats

 Plays Quiz not verified by Sporcle

Score 0/197 Timer 02:00
0 Plays Today
% Correct
United States America
99.5%
Honduras
99.5%
South Sudan
99.5%
Bosnia and Herzegovina
99.5%
Marshall Islands
99.5%
Sao Tome and Principe
99.5%
Saint Vincent and the Grenadines
99.5%
Netherlands
99.2%
Switzerland
99.2%
Kyrgyzstan
99.2%
United Arab Emirates
99.2%
South Africa
99.2%
Burkina Faso
99.2%
Micronesia
99.2%
Singapore
99.2%
Costa Rica
98.9%
Dominican Republic
98.9%
South Korea
98.9%
Solomon Islands
98.9%
Timor-Leste
98.9%
Democratic Republic of the Congo
98.9%
Republic of the Congo
98.9%
Trinidad and Tobago
98.9%
Turkmenistan
98.7%
Lesotho
98.7%
Botswana
98.7%
Equatorial Guinea
98.7%
Luxembourg
98.7%
United Kingdom
98.4%
Macedonia
98.4%
Montenegro
98.4%
Dominica
98.4%
Barbados
98.4%
Liechtenstein
98.4%
San Marino
98.4%
Sierra Leone
98.1%
Comoros
98.1%
Saint Kitts and Nevis
98.1%
Antigua and Barbuda
98.1%
Palestine
98.1%
Estonia
97.9%
Portugal
97.9%
Kazakhstan
97.9%
North Korea
97.9%
Jordan
97.9%
Bangladesh
97.9%
Central African Republic
97.9%
Uzbekistan
97.6%
Afghanistan
97.6%
Indonesia
97.6%
Cameroon
97.6%
Mauritius
97.6%
Saint Lucia
97.6%
Andorra
97.6%
Iceland
97.4%
Poland
97.4%
Pakistan
97.4%
Australia
97.4%
Madagascar
97.4%
Swaziland
97.4%
Cabo Verde
97.4%
Canada
97.1%
Russia
97.1%
Austria
97.1%
Mongolia
97.1%
Saudi Arabia
97.1%
% Correct
Burundi
97.1%
Seychelles
97.1%
Grenada
97.1%
Colombia
96.8%
Argentina
96.8%
Denmark
96.8%
Belarus
96.8%
Sweden
96.6%
Germany
96.6%
Hungary
96.6%
Tajikistan
96.6%
New Zealand
96.6%
Mexico
96.3%
The Bahamas
96.3%
Ireland
96.3%
Norway
96.3%
Thailand
96.3%
Sudan
96.3%
El Salvador
96%
Cote d'Ivoire
96%
Rwanda
96%
Monaco
96%
Brazil
95.8%
Romania
95.8%
China
95.8%
Cyprus
95.8%
Suriname
95.5%
Finland
95.5%
Bulgaria
95.5%
Serbia
95.5%
Sri Lanka
95.5%
Philippines
95.5%
Nicaragua
95.2%
Morocco
95.2%
Paraguay
95%
Azerbaijan
95%
Tunisia
95%
Vatican City
95%
Cambodia
94.7%
Uganda
94.7%
Guinea-Bissau
94.7%
Lebanon
94.7%
Mauritania
94.2%
Slovenia
94.2%
Tonga
94.2%
Bahrain
94.2%
France
93.9%
Somalia
93.9%
Angola
93.9%
Croatia
93.7%
Niger
93.7%
Nigeria
93.7%
India
93.4%
Brunei
93.4%
Kiribati
93.1%
Chad
92.9%
Myanmar
92.6%
Gabon
92.6%
Chile
92.3%
Spain
92.1%
Moldova
92.1%
Liberia
92.1%
Egypt
91.8%
Ecuador
91.5%
Bolivia
91.5%
Vietnam
91.5%
% Correct
Malaysia
91.5%
Uruguay
91.3%
Slovakia
91.3%
Oman
91.3%
Guyana
91%
Senegal
91%
Lithuania
90.7%
Czechia
90.7%
Algeria
90.7%
Maldives
90.7%
Guatemala
90.5%
Israel
90.5%
Belgium
90.2%
Georgia
90.2%
Bhutan
90.2%
Papua New Guinea
90.2%
Turkey
89.9%
Syria
89.4%
Libya
89.4%
Ethiopia
89.2%
Mozambique
89.2%
Italy
88.9%
Armenia
88.9%
Ukraine
88.4%
Panama
88.1%
Laos
87.6%
The Gambia
87.6%
Yemen
86.8%
Belize
86.5%
Venezuela
86.5%
Greece
86.5%
Albania
86.2%
Qatar
86%
Iran
85.4%
Peru
84.9%
Ghana
84.9%
Malta
84.9%
Vanuatu
84.7%
Japan
84.1%
Nauru
84.1%
Namibia
83.9%
Togo
83.9%
Nepal
82.3%
Tanzania
82%
Zimbabwe
80.2%
Djibouti
80.2%
Samoa
80.2%
Tuvalu
79.6%
Latvia
79.4%
Taiwan
79.4%
Malawi
78.8%
Zambia
78.8%
Mali
78.6%
Guinea
78.3%
Kenya
77.5%
Kosovo
75.9%
Eritrea
75.7%
Iraq
74.6%
Benin
70.9%
Cuba
62.7%
Haiti
62.2%
Kuwait
58.2%
Jamaica
57.1%
Fiji
55.3%
Palau
53.2%

You're not logged in!

Compare scores with friends on all Sporcle quizzes.
OR
Log In

You Might Also Like...

Show Comments

Extras

Top Quizzes Today


Score Distribution

Your Account Isn't Verified!

In order to create a playlist on Sporcle, you need to verify the email address you used during registration. Go to your Sporcle Settings to finish the process.

Report this User

Report this user for behavior that violates our Community Guidelines.

Details: